1691 1187 1606 1595 1975 1320 1868 1126 1295 1773 1499 1595 1605 1453 1795 1614 1730 1304 1657 1058 1887 1103 1414 1761 1639 1031 1890 1173 1077 1913 1728 1358 1328 1793 1562 1617 1229 1202 1952 1351 1496 1728 1010 1881 1527 1960 1320 1712 1981 1634 1355 1991 1972 1227 1156 1513 1962 1039 1140 1059 1714 1921 1338 1682 1137 1861 1567 1076 1045 1461 1883 1855 1213 1817 1814 1021 1896 1561 1575 1552 1559 1204 1264 1664 1584 1511 1098 1310 1259 1667 1002 1600 1630 1131 1403 1916 1095 1086 1401 BCNSPRNW ULIB Ver.6.0+V

เปลี่ยนเป็นภาษาไทย

Change to English
 แสดงรายละเอียดบรรณานุกรม
  กลับหน้าหลัก

Brief Record : Get Marc (ISO 2709) : E-mail record : QR code < ปิดหน้าต่าง
LEADER : 00000nam 2200000uu 4500
001    13399111600
003     ULIB
008    110627s||||||||th 000 0 tha d
020    9789748388977
090    นว.^bว633ย 2553
100 0  วินุตตา
245 00 ยอดปรารถนา/^cวินุตตา
250    พิมพ์ครั้งที่ 1
260    กรุงเทพฯ :^bอินเลิฟ,^c2553
300    323 หน้า
945    ^p199^l0^i028045
995    ทศพร
999 ^a ใช้งานได้ทุกระบบ
รายการนี้ยังไม่มีแท็ก
คุณยังไม่ได้ล็อกอิน คุณสามารถมีกิจกรรมร่วมกับเว็บไซต์ได้ แต่ต้องล็อกอินก่อน ::
  ล็อกอิน

รายการสื่อสารสนเทศ

ลำดับที่ ประเภท เลขเรียก/บาร์โค้ด สถานที่ สถานะ
- ไม่พบข้อมูล -

รายการใกล้เคียง
    ผู้แต่ง [วินุตตา]

BibComment


ยังไม่เคยถูกคอมเมนท์

คอมเมนท์ทรัพยากรรายการนี้
  คอมเมนท์: ยอดปรารถนา วินุตตา


 Copyright 2026. Bcnsprnw @Library